000 00981nam a22002777a 4500
001 00006956
003 DO-SdBNP
005 20160511145412.0
007 00006956
008 160511b 2001 dr a xxu||||| |||| 00| 0 spa d
020 _a9993424056
040 _aBPMSU
_bspa
_cBPMSU
092 _axxxxx
_bxxxxx
245 0 0 _aUna guía práctica :
_bpreparación y ejecución de talleres de capacitación /
_cMiguel Expósito Verdejo...[et al] ; ilustración Emilio J. Hidalgo.
246 0 0 _aPreparación y ejecución de talleres de capacitación :
_buna guía práctica /
260 _aSanto Domingo :
_bCentro Cultural Poveda,
_c2001.
300 _a104 p. :
_bil. ;
_c27 cm.
500 _a Proyecto Comunicación y Didáctica
700 1 _aExpósito Verdejo, Miguel
700 1 _aGrundmann, Gesa
700 1 _aQuezada, Luis
700 1 _aValdez, Luisa
700 1 2 _aHidalgo, Emilio J.
_eil.
942 _2ddc
_cBK
956 _2LOPEREZ
_310
_620161105
_8BPMSU
_a00041
999 _c10097
_d10097